| 000 | 01537cam a2200361 a 4500 | ||
|---|---|---|---|
| 999 |
_c233399 _d233399 |
||
| 001 | 14351025 | ||
| 003 | Nust | ||
| 005 | 20170307124804.0 | ||
| 008 | 060424s2006 nyu 000 1 eng | ||
| 010 | _a 2006043578 | ||
| 020 | _a9780752881720 | ||
| 035 | _a(OCoLC)ocm68373459 | ||
| 035 | _a(OCoLC)68373459 | ||
| 040 |
_aDLC _cDLC _dBAKER _dC#P _dVP@ _dDLC |
||
| 050 | 0 | 0 |
_aPS3562.U26 _bB36 2006 |
| 082 | 0 | 0 |
_a813.54 _bLUD |
| 100 | 1 |
_aLudlum, Robert, _d1927-2001. |
|
| 245 | 1 | 4 |
_aThe Bancroft strategy / _cRobert Ludlum. |
| 250 | _a1st ed. | ||
| 260 |
_aNew York : _bSt. Martin's Press, _c2006. |
||
| 300 |
_a520 p. ; _c25 cm. |
||
| 650 | 0 |
_aKidnapping _vFiction. |
|
| 650 | 0 |
_aTerrorists _vFiction. |
|
| 650 | 0 |
_aConspiracies _vFiction. |
|
| 650 | 0 |
_aFamily foundations _vFiction. |
|
| 655 | 7 |
_aSuspense fiction. _2gsafd |
|
| 856 | 4 | 2 |
_3Contributor biographical information _uhttp://www.loc.gov/catdir/enhancements/fy0665/2006043578-b.html |
| 856 | 4 | 2 |
_3Publisher description _uhttp://www.loc.gov/catdir/enhancements/fy0665/2006043578-d.html |
| 856 | 4 | 1 |
_3Sample text _uhttp://www.loc.gov/catdir/enhancements/fy0714/2006043578-s.html |
| 906 |
_a7 _bcbc _corignew _d1 _eocip _f20 _gy-gencatlg |
||
| 942 |
_2ddc _cBK |
||